Handball Bundesliga Players 2025/2026 - Statistics

General Stats
  • This quiz has been taken 3 times
  • The average score is 89 of 355
Answer Stats
Hint Answer % Correct
THW Kiel (G) Andreas Wolff
100%
VFL Gummersbach (LB) Julian Köster
100%
Füchse Berlin (RB) Mathias Gidsel
100%
HC Erlangen (LB) Milos Kos
100%
GWD Minden (LB) Alexander Weck
67%
HC Erlangen (RB) Antonio Metzner
67%
Bergischer HC (P) Aron Seesing
67%
Bergischer HC (LW) Belal Ibrahim Massoud
67%
HSV Hamburg (LW) Casper Mortensen
67%
Bergischer HC (G) Christopher Rudeck
67%
Rhein-Neckar Löwen (G) David Späth
67%
THW Kiel (CB) Domagoj Duvnjak
67%
VFL Gummersbach (G) Dominik Kuzmanovic
67%
HSV Hamburg (CB) Elias Kofler
67%
Bergischer HC (RB) Elias Scholtes
67%
Bergischer HC (CB) Eloy Morante Maldonado
67%
SG Flensburg-Handewitt (LW) Emil Jakobsen
67%
MT Melsungen (LW) Florian Drosten
67%
HC Erlangen (P) Florian Scheerer
67%
SC DHFK Leipzig (RB) Franz Semper
67%
Bergischer HC (CB) Fynn Hangstein
67%
Bergischer HC (LB) Gerdas Babarskas
67%
SC Magdeburg (CB) Gisli Thorgeir Kristjansson
67%
THW Kiel (P) Hendrik Pekeler
67%
TVB Stuttgart (RW) Jakob Nigg
67%
GWD Minden (RW) Jakub Sterba
67%
Bergischer HC (RB) Johannes Wasielewski
67%
HSG Wetzlar (P) Josip Simic
67%
Bergischer HC (RW) Julian Fuchs
67%
TSV Hannover-Burgdorf (P) Justus Fischer
67%
TVB Stuttgart (RB) Kai Häfner
67%
VFL Gummersbach (RB) Kay Smits
67%
SG Flensburg-Handewitt (G) Kevin Moller
67%
Bergischer HC (RB) Kim Voss-Fels
67%
VFL Gummersbach (P) Kristjan Horzen
67%
Bergischer HC (P) Lars Kooij
67%
Füchse Berlin (LB) Lasse Andersson
67%
SG Flensburg-Handewitt (LB) Lasse Moller
67%
TVB Stuttgart (LB) Lenny Rubin
67%
TVB Stuttgart (LB) Linus Schmid
67%
Bergischer HC (LW) Lukas Becher
67%
Bergischer HC (G) Lukas Diedrich
67%
TBV Lemgo Lippe (LB) Lukas Hutecek
67%
TSV Hannover-Burgdorf (LB) Lukas Stutzke
67%
THW Kiel (LW) Magnus Landin
67%
SC Magdeburg (P) Magnus Saugstrup
67%
GWD Minden (RW) Malte Diekmann
67%
GWD Minden (RB) Malte Donker
67%
GWD Minden (G) Malte Semisch
67%
TVB Stuttgart (CB) Max Häfner
67%
TVB Stuttgart (P) Max Heydecke
67%
HC Erlangen (RB) Maxsim Lochman
67%
GWD Minden (P) Mika Sajenev
67%
TVB Stuttgart (G) Miljan Vujovic
67%
VFL Gummersbach (LW) Milos Vujovic
67%
VFL Gummersbach (LB) Miro Schluroff
67%
ThSV Eisenach (RW) Moritz Ende
67%
HSV Hamburg (CB) Moritz Sauter
67%
MT Melsungen (G) Nebojsa Simic
67%
GWD Minden (CB) Niclas Heitkamp
67%
SG Flensburg-Handewitt (RB) Niclas Kirkelokke
67%
Bergischer HC (LB)) Nico Schöttle
67%
Füchse Berlin (CB) Nils Lichtlein
67%
Bergischer HC (LW) Noah Beyer
67%
SC Magdeburg (RB) Omar Ingi Magnusson
67%
Rhein-Neckar Löwen (RW) Patrick Groetzki
67%
TVB Stuttgart (LW) Patrick Zieker
67%
TSV Hannover-Burgdorf (RB) Renars Uscins
67%
TVB Stuttgart (P) Samuel Röthlisberger
67%
Rhein-Neckar Löwen (LB) Sebastian Heymann
67%
ThSV Eisenach (G) Silvio Heinevetter
67%
SG Flensburg-Handewitt (LB) Simon Pytlick
67%
Bergischer HC (LB) Soeren Servos
67%
Bergischer HC (LB) Sören Steinhaus
67%
Füchse Berlin (LW) Tim Freihöfer
67%
TBV Lemgo Lippe (CB) Tim Suton
67%
Bergischer HC (CB) Tomas Babak
67%
TVB Stuttgart (CB) Torben Matzken
67%
HC Erlangen (RB) Viggo Kristjansson
67%
Bergischer HC (RW) Yannick Fraatz
67%
MT Melsungen (LB) Aaron Mensing
33%
SG Flensburg-Handewitt (P) Adin Faljic
33%
MT Melsungen (P) Adrian Sipos
33%
SC Magdeburg (RB) Albin Lagergren
33%
HSV Hamburg (P) Andreas Magaard
33%
HC Erlangen (CB) Andri Mar Runarsson
33%
TVB Stuttgart (LB) Antonio Serradilla
33%
MT Melsungen (P) Arnar Freyr Arnarsson
33%
HSV Hamburg (LB) Azat Valiullin
33%
SG Flensburg-Handewitt (G) Benjamin Buric
33%
VFL Gummersbach (G) Bertram Obling
33%
SG Flensburg-Handewitt (P) Blaz Blagotinsek
33%
SC Magdeburg (CB) Christian O'Sullivan
33%
HC Erlangen (LW) Christopher Bissel
33%
TBV Lemgo Lippe (G) Constantin Möstl
33%
MT Melsungen (RB) Dainis Kristopans
33%
TSV Hannover-Burgdorf (RW) Daniel Weber
33%
Rhein-Neckar Löwen (LW) David More
33%
SG Flensburg-Handewitt (RW) Domen Novak
33%
HSV Hamburg (LB) Dominik Axmann
33%
HSV Hamburg (CB) Einar Olafsson
33%
THW Kiel (CB) Elias Ellefsen a Skipagotu
33%
VFL Gummersbach (P) Ellidi Vidarsson
33%
THW Kiel (RB) Emil Madsen Wernsdorf
33%
THW Kiel (LB) Eric Johansson
33%
MT Melsungen (CB) Erik Balenciaga
33%
SC Magdeburg (LB) Felix Claar
33%
GWD Minden (LW) Florian Kranzmann
33%
HSV Hamburg (RW) Frederik Bo Andersen
33%
THW Kiel (G) Gonzalo Perez de Vargas
33%
GWD Minden (CB) Ian Weber
33%
TVB Stuttgart (LW) Ivan Snajder
33%
HSV Hamburg (RB) Jacob Arenth Lassen
33%
SG Flensburg-Handewitt (P) Johannes Golla
33%
TVB Stuttgart (LB) Jonas Truchanovicius
33%
GWD Minden (LB) Karolis Antanavicius
33%
TVB Stuttgart (RW) Kasper Lien
33%
GWD Minden (G) Keno Danzenbächer
33%
VFL Gummersbach (CB) Kentin Mahe
33%
HC Erlangen (G) Khalifa Ghedbane
33%
MT Melsungen (G) Kristof Palasics
33%
HC Erlangen (LB) Lars Genz
33%
GWD Minden (CB) Lasse Franz
33%
Füchse Berlin (G) Lasse Ludwig
33%
MT Melsungen (G) Laszlo Bartucz
33%
HSV Hamburg (RW) Levin Unbehaun
33%
HSG Wetzlar (LW) Lion Zacharias
33%
SC DHFK Leipzig (RW) Lucas Krzikalla
33%
SG Flensburg-Handewitt (CB) Luca Witzke
33%
HC Erlangen (CB) Lucca Bialowas
33%
VFL Gummersbach (CB) Ludvig Hallbäck
33%
VFL Gummersbach (RW) Lukas Blohme
33%
SG Flensburg-Handewitt (P) Lukas Jorgensen
33%
THW Kiel (P) Lukas Laube
33%
HC Erlangen (P) Maciej Gebala
33%
SC Magdeburg (CB) Manuel Zehnder
33%
TVB Stuttgart (LB) Marco Mengon
33%
HC Erlangen (LB) Marek Nissen
33%
TSV Hannover-Burgdorf (CB) Marian Michalczik
33%
SG Flensburg-Handewitt (CB) Marko Grgic
33%
TVB Stuttgart (G) Mateusz Kornecki
33%
VFL Gummersbach (RW) Mathis Häseler
33%
GWD Minden (LW) Mats Korte
33%
Füchse Berlin (LB) Matthes Langhoff
33%
SC Magdeburg (LW) Matthias Musche
33%
HSV Hamburg (P) Maximilian Botta
33%
GWD Minden (RW) Max Staar
33%
Rhein-Neckar Löwen (G) Mike Jensen
33%
MT Melsungen (CB) Mohamed Darmoul
33%
GWD Minden (LB) Morten Hempel Jensen
33%
HSV Hamburg (CB) Nicolaj Jörgensen
33%
TBV Lemgo Lippe (RB) Niels Versteijnen
33%
SC Magdeburg (G) Nikola Portner
33%
SC DHFK Leipzig (LW) Nils Greilich
33%
Frisch Auf Göppingen (CB) Ole Pregler
33%
MT Melsungen (CB) Olle Forsell Schefvert
33%
Frisch Auf Göppingen (LB) Oskar Sunnefeldt
33%
SG Flensburg-Handewitt (LW) Patrick Volz
33%
HSG Wetzlar (LB) Philipp Ahouansou
33%
GWD Minden (RB) Philipp Vorlicek
33%
SC Magdeburg (LB) Philipp Weber
33%
HSV Hamburg (G) Robin Haug
33%
SG Flensburg-Handewitt (RB) Robin Kent Tönnesen
33%
THW Kiel (LW) Rune Dahmke
33%
TBV Lemgo Lippe (LW) Samuel Zehnder
33%
HC Erlangen (CB) Sander Øverjordet
33%
HC Erlangen (P) Sebastian Firnhaber
33%
SC Magdeburg (G) Sergey Hernandez
33%
TVB Stuttgart (LB) Simone Mengon
33%
SC DHFK Leipzig (RW) Staffan Peter
33%
VFL Gummersbach (P) Stepan Zeman
33%
VFL Gummersbach (RB) Teitur Örn Einarsson
33%
SG Flensburg-Handewitt (LB) Thilo Knutzen
33%
GWD Minden (G) Tibor Ivanisevic
33%
VFL Gummersbach (LW) Tilen Kodrin
33%
MT Melsungen (RW) Timo Kastening
33%
HC Erlangen (G) Tin Herceg
33%
HC Erlangen (LB) Tobias Buck
33%
HSV Hamburg (RW) Toma Gadza
33%
SC DHFK Leipzig (G) Tomas Mrkva
33%
GWD Minden (P) Tom Bergner
33%
VFL Gummersbach (LB) Tom Kiesler
33%
HSV Hamburg (LW) Xavier Apelt
33%
HC Erlangen (LW) Yannik Bialowas
33%
SC DHFK Leipzig (LB) Adam Lönn
0%
TBV Lemgo Lippe (P) Adam Nyfjäll
0%
SC DHFK Leipzig (CB) Ahmed Khairi Nasralla
0%
HSG Wetzlar (LW) Ahmed Nafea
0%
TSV Hannover-Burgdorf (CB) Aho Sindre
0%
Füchse Berlin (LW) Aitor Arino
0%
SG Flensburg-Handewitt (RW) Aksel Horgen
0%
ThSV Eisenach (LB) Aleksandar Capric
0%
ThSV Eisenach (RB) Alexander Saul
0%
MT Melsungen (LB) Alexandre Cavalcanti
0%
HSG Wetzlar (G) Anadin Suljakovic
0%
HSG Wetzlar (G) Andreas Palicka
0%
TSV Hannover-Burgdorf (LW) August Pedersen
0%
HSG Wetzlar (G) Bart Ravensbergen
0%
THW Kiel (RW) Bence Imre
0%
TBV Lemgo Lippe (CB) Benjamin Bröhl
0%
HSV Hamburg (LB) Ben Levermann
0%
SC DHFK Leipzig (CB) Blaer Hinriksson
0%
TBV Lemgo Lippe (RW) Bobby Schagen
0%
MT Melsungen (P) Bruno Eickhoff
0%
SG Flensburg-Handewitt (G) Catalin Haidu
0%
HC Erlangen (RB) Christoph Steinert
0%
Rhein-Neckar Löwen (CB) Dani Baijens
0%
GWD Minden (P) Daniel Astrup Pedersen
0%
SC Magdeburg (RW) Daniel Pettersson
0%
HC Erlangen (G) Dario Quenstedt
0%
HSG Wetzlar (RW) David Cyrill Akakpo
0%
MT Melsungen (LW) David Mandic
0%
Frisch Auf Göppingen (RB) David Schmidt
0%
HC Erlangen (CB) David Sehnke
0%
SC DHFK Leipzig (CB) Dean Bombac
0%
Füchse Berlin (G) Dejan Milosavljev
0%
MT Melsungen (RW) Dimitri Ignatow
0%
SC DHFK Leipzig (G) Domenico Ebner
0%
HSG Wetzlar (CB) Dominik Mappes
0%
ThSV Eisenach (LB) Dominik Solak
0%
Rhein-Neckar Löwen (RB) Edwin Aspenbäck
0%
Rhein-Neckar Löwen (P) Elias Ciudad-Benitez
0%
Frisch Auf Göppingen (CB) Elias Newel
0%
SC Magdeburg (LB) Elvar Örn Jonsson
0%
Frisch Auf Göppingen (RB) Erik Persson
0%
Füchse Berlin (RB) Fabian Wiede
0%
ThSV Eisenach (CB) Felix Aellen
0%
HSG Wetzlar (CB) Filip Vistorop
0%
Frisch Auf Göppingen (RW) Franko Lastro
0%
Füchse Berlin (G) Frederik Höler
0%
TBV Lemgo Lippe (RW) Frederik Puls
0%
TBV Lemgo Lippe (LB) Frederik Simak
0%
Frisch Auf Göppingen (RB) Fynn Hofele
0%
HSG Wetzlar (P) Georg Löwen
0%
ThSV Eisenach (RW) Gian Attenhofer
0%
Rhein-Neckar Löwen (RW) Gino Steenaerts
0%
Füchse Berlin (RW) Hakun West av Teigum
0%
Rhein-Neckar Löwen (LB) Halil Jaganjac
0%
HC Erlangen (RW) Hampus Olsson
0%
TSV Hannover-Burgdorf (LW) Hannes Feise
0%
HC Erlangen (P) Hans Lukas Willax
0%
THW Kiel (RB) Harald Reinkind
0%
Rhein-Neckar Löwen (CB) Haukur Thrastarson
0%
TBV Lemgo Lippe (LB) Hendrik Wagner
0%
MT Melsungen (RB) Isaias Guardiola
0%
HSV Hamburg (P) Jan Christian Schmidt
0%
TBV Lemgo Lippe (CB) Jan Mudrow
0%
Rhein-Neckar Löwen (P) Jannik Kohlbacher
0%
TBV Lemgo Lippe (RW) Jarnes Faust
0%
TSV Hannover-Burgdorf (G) Joel Birlehm
0%
TBV Lemgo Lippe (P) Joel Willecke
0%
HSG Wetzlar (LB) Jona Schoch
0%
TSV Hannover-Burgdorf (CB) Jonathan Edvardsson
0%
TVB Stuttgart (G) Jorick Pol
0%
Frisch Auf Göppingen (G) Julian Buchele
0%
ThSV Eisenach (P) Justin Kurch
0%
HSG Wetzlar (CB) Justin Müller
0%
HSV Hamburg (LW) Kaj Geenen
0%
SC DHFK Leipzig (CB) Kaspar Gauer
0%
Frisch Auf Göppingen (G) Kristian Saeveras
0%
TSV Hannover-Burgdorf (CB) Leif Tissier
0%
TBV Lemgo Lippe (RB) Len Kehrmann
0%
THW Kiel (G) Leon Nowottny
0%
SC DHFK Leipzig (G) Leopold Huber
0%
Füchse Berlin (RW) Leo Prantner
0%
TBV Lemgo Lippe (LW) Leve Carstensen
0%
TBV Lemgo Lippe (G) Linus Borreck
0%
Bergischer HC (G) Louis Oberosler
0%
Frisch Auf Göppingen (P) Ludvig Jurmala
0%
TSV Hannover-Burgdorf (P) Luis Rodriguez
0%
SC DHFK Leipzig (P) Luka Rogan
0%
SC DHFK Leipzig (LW) Lukas Binder
0%
Füchse Berlin (P) Lukas Herburger
0%
SC Magdeburg (LW) Lukas Mertens
0%
Rhein-Neckar Löwen (RB) Lukas Sandell
0%
THW Kiel (RW) Lukas Zerbe
0%
HSV Hamburg (LB) Mahmoud El-Shobaky
0%
Frisch Auf Göppingen (LW) Marcel Schiller
0%
TSV Hannover-Burgdorf (RW) Marius Steinhauser
0%
SC DHFK Leipzig (LB) Marko Mamic
0%
Frisch Auf Göppingen (LB) Martin Hanne
0%
MT Melsungen (LW) Marti Soler
0%
SC DHFK Leipzig (LB) Matej Klima
0%
SC Magdeburg (G) Matej Mandic
0%
Rhein-Neckar Löwen (CB) Mathias Larson Rohde
0%
ThSV Eisenach (G) Matija Spikic
0%
GWD Minden (P) Mattis Welle
0%
ThSV Eisenach (RB) Max Beneke
0%
Füchse Berlin (P) Max Darj
0%
TBV Lemgo Lippe (P) Meeno Carstensen
0%
GWD Minden (P) Michael Schulz
0%
Füchse Berlin (P) Mijajlo Marsenic
0%
THW Kiel (RB) Mohamed Abdelhak
0%
HSV Hamburg (G) Mohamed El-Tayar
0%
SC DHFK Leipzig (P) Moritz Preuss
0%
TBV Lemgo Lippe (LB) Moritz Sundermann
0%
Füchse Berlin (RB) Nejc Cehte
0%
HSG Wetzlar (RB) Nemanja Zelenovic
0%
TBV Lemgo Lippe (RB) Nicolai Theilinger
0%
Frisch Auf Göppingen (LW) Niklas Herberger
0%
HSG Wetzlar (RB) Niklas Theiß
0%
HSV Hamburg (P) Niklas Weller
0%
THW Kiel (LB) Nikola Bilyk
0%
MT Melsungen (RB) Nikolaj Enderleit
0%
TSV Hannover-Burgdorf (G) Nikolas Katsigiannis
0%
GWD Minden (CB) Nils Müller
0%
HSV Hamburg (RB) Oliver Norlyk
0%
SC Magdeburg (P) Oscar Bergendahl
0%
ThSV Eisenach (LB) Oskar Joelsson
0%
Frisch Auf Göppingen (LB) Oskar Neudeck
0%
ThSV Eisenach (P) Peter Walz
0%
THW Kiel (P) Petter Overby
0%
ThSV Eisenach (P) Philipp Meyer
0%
HSG Wetzlar (LW) Phil Spandau
0%
THW Kiel (CB) Rasmus Ankermann
0%
GWD Minden (RW) Rene Gruszka
0%
MT Melsungen (LB) Reynir Thor Stefansson
0%
Rhein-Neckar Löwen (LB) Robert Timmermeister
0%
MT Melsungen (P) Ruben Marchan
0%
Frisch Auf Göppingen (LW) Rutger ten Velde
0%
TBV Lemgo Lippe (CB) Sadik Emre Herseklioglu
0%
MT Melsungen (CB) Sadou Ntanzi
0%
Frisch Auf Göppingen (P) Sascha Brodbeck
0%
SC Magdeburg (LW) Sebastian Barthold
0%
SC DHFK Leipzig (CB) Simon Ernst
0%
TSV Hannover-Burgdorf (G) Simon Gade
0%
ThSV Eisenach (G) Stanislaw Gorobtschuk
0%
HSG Wetzlar (RB) Stefan Cavor
0%
ThSV Eisenach (RB) Stephan Seitz
0%
Rhein-Neckar Löwen (P) Steven Plucnar Jacobsen
0%
TSV Hannover-Burgdorf (P) Thomas Solstad
0%
TBV Lemgo Lippe (LW) Thore Rahmlow
0%
ThSV Eisenach (P) Tillman Leu
0%
HC Erlangen (RW) Tim Gömmel
0%
Frisch Auf Göppingen (RW) Tim Goßner
0%
SC DHFK Leipzig (P) Tim Herzfeld
0%
SC Magdeburg (RW) Tim Hornke
0%
Rhein-Neckar Löwen (LW) Tim Nothdurft
0%
ThSV Eisenach (LW) Timothy Reichmuth
0%
SC Magdeburg (P) Tim Zechel
0%
HSG Wetzlar (RW) Tizian Weimer
0%
Füchse Berlin (CB) Tobias Gröndahl
0%
SC DHFK Leipzig (RB) Tomas Piroch
0%
SC DHFK Leipzig (LW) Tom Koschek
0%
HSG Wetzlar (RW) Tristan Kirschner
0%
MT Melsungen (LB) Uladzislau Kulesh
0%
TBV Lemgo Lippe (G) Urh Kastelic
0%
THW Kiel (P) Veron Nacinovic
0%
Frisch Auf Göppingen (LB) Victor Klöve
0%
TSV Hannover-Burgdorf (RB) Vilhelm Poulsen
0%
ThSV Eisenach (LW) Vincent Büchner
0%
ThSV Eisenach (CB) Vukasin Antonijevic
0%
SC DHFK Leipzig (LB) William Bogojevic
0%
Frisch Auf Göppingen (P) Ymir Örn Gislason
0%
No matching quizzes found
Score Distribution
Percent of People with Each Score
Percentile by Number Answered
Your Score History
You have not taken this quiz